000 00576nam a22002417a 4500
003 OSt
005 20180116183003.0
008 150414b xxu||||| |||| 00| 0 eng d
020 _a0534596991
022 _a0534596991
040 _c0
050 _a158.35
082 _a158.35
100 _aCorey,Gerald
245 _aTheory and Practice of Group Counseling.
_cGerald Corey.
250 _a6th.
260 _aAustralia
_bTHOMSON.
_c2004
300 _a522p.
500 _aHard Cover
600 _aCorey,Gerald
700 _aCorey,Gerald
942 _2ddc
_cBK
_k158.35
999 _c349916
_d349916